| 000 | 00768nam a22002657a 4500 | ||
|---|---|---|---|
| 001 | 37457 | ||
| 003 | BD-RjUL | ||
| 005 | 20211209052618.0 | ||
| 008 | 150120s2005 ii a|||| |||| 001 0 eng d | ||
| 020 | _a8127220876 | ||
| 035 | _a(BD-RjUL)37561 | ||
| 040 |
_aBD-RjUL _beng _cBD-RjUL |
||
| 041 | _aeng | ||
| 082 |
_a632.7 _bATA 2005 |
||
| 100 |
_aDhaliwal, G.S. _9115022 |
||
| 245 |
_aAgricultural Pests of South Asia and their Management / _cG.S. Dhaliwal and A.S. Atwal. |
||
| 250 | _a5th ed. | ||
| 260 |
_aLudhiana : _bKalyani, _c2005. |
||
| 300 |
_a505 p. _bill. _c23 cm. |
||
| 504 | _aIncludes bibliography and index. | ||
| 650 |
_aInsect pests _9115021 |
||
| 650 |
_aInsect pests _xControl _9115023 |
||
| 700 |
_aAtwal, A.S. _9115024 |
||
| 942 |
_2ddc _cBK |
||
| 999 |
_c37457 _d37457 |
||